1901 1034 1915 1325 1338 1082 1902 1935 1757 1849 1128 1083 1591 1572 1962 1664 1949 1669 1064 1222 1851 1943 1364 1082 1978 1926 1226 1367 1250 1924 1810 1073 1286 1623 1736 1752 1149 1339 1572 1634 1354 1655 1568 1397 1962 1030 1908 1530 1847 1544 1998 1170 1991 1661 1932 1112 1855 1867 1790 1241 1584 1523 1375 1686 1206 1805 1525 1351 1484 1077 1308 1702 1958 1586 1833 1499 1099 1909 1076 1697 1824 1487 1476 1864 1851 1375 1131 1321 1646 1837 1735 1895 1358 1308 1397 1718 1506 1569 1042 BCNSPRNW ULIB Ver.6.0+V

เปลี่ยนเป็นภาษาไทย

Change to English
 แสดงรายละเอียดบรรณานุกรม
  กลับหน้าหลัก

Brief Record : Get Marc (ISO 2709) : E-mail record : QR code < ปิดหน้าต่าง
LEADER : 00000nam 2200000uu 4500
001    13399111978
003     ULIB
008    110627s2552||||th 000 0 tha d
020    9786167190112
090    นว.^bม442ท 2552
100 0  ม่านนที
245 00 ทัณฑ์รักเงาลวง/^cม่านนที
250    พิมพ์ครั้งที่ 1
260    กรุงเทพฯ :^bอินเลิฟ,^c2552
300    348 หน้า
710 1  อินเลิฟ
945    ^p229^l0^i026763
995    ทศพร
999 ^a ใช้งานได้ทุกระบบ
รายการนี้ยังไม่มีแท็ก
คุณยังไม่ได้ล็อกอิน คุณสามารถมีกิจกรรมร่วมกับเว็บไซต์ได้ แต่ต้องล็อกอินก่อน ::
  ล็อกอิน

รายการสื่อสารสนเทศ

ลำดับที่ ประเภท เลขเรียก/บาร์โค้ด สถานที่ สถานะ
- ไม่พบข้อมูล -

BibComment


ยังไม่เคยถูกคอมเมนท์

คอมเมนท์ทรัพยากรรายการนี้
  คอมเมนท์: ทัณฑ์รักเงาลวง ม่..


 Copyright 2026. Bcnsprnw @Library